书目信息 |
| 题名: |
一学就会的经济学全图解
|
|
| 作者: | 罗亚萨 编著 | |
| 分册: | ||
| 出版信息: | 北京 兵器工业出版社 2013 |
|
| 页数: | 11,257页 | |
| 开本: | 21cm | |
| 丛书名: | ||
| 单 册: | ||
| 中图分类: | F0 | |
| 科图分类: | ||
| 主题词: | 经济学 , 经济学--基本知识 | |
| 电子资源: | ||
| ISBN: | 978-7-80248-899-1 | |
| 000 | 00877nam0 2200229 450 | |
| 001 | 139026 | |
| 005 | 20140903093503.78 | |
| 010 | @a978-7-80248-899-1@dCNY 39.80 | |
| 100 | @a20130506d2013 em y0chiy50 ea | |
| 101 | 0 | @achi |
| 102 | @aCN@b110000 | |
| 105 | @aa z 000yy | |
| 200 | 1 | @a一学就会的经济学全图解@Ayi xue jiu hui de jing ji xue quan tu jie@b专著@f罗亚萨编著 |
| 210 | @a北京@c兵器工业出版社@d2013 | |
| 215 | @a11,257页@d21cm | |
| 330 | @a本书介绍了基础经济学的内涵和外延。全书向读者介绍了常见的经济学名词,如价格、利润、市场、成本、经济政策,以及在生活、工作和学习中可以接触到的价格波动、通货膨胀、良性竞争、贸易合作等内容,书中还汇集了经济学分支中的函数、稀缺性、社会化、资源配置、财富分配等内容。 | |
| 606 | 0 | @a经济学 |
| 606 | 0 | @a经济学@x基本知识 |
| 690 | @aF0@v5 | |
| 701 | 0 | @a罗亚萨@Aluo ya sa@4编著 |
| 801 | 0 | @c20140903 |
| 905 | @a241430@dF0@eL970 | |
| 一学就会的经济学全图解/罗亚萨编著.-北京:兵器工业出版社,2013 |
| 11,257页;21cm |
| ISBN 978-7-80248-899-1:CNY 39.80 |
| 本书介绍了基础经济学的内涵和外延。全书向读者介绍了常见的经济学名词,如价格、利润、市场、成本、经济政策,以及在生活、工作和学习中可以接触到的价格波动、通货膨胀、良性竞争、贸易合作等内容,书中还汇集了经济学分支中的函数、稀缺性、社会化、资源配置、财富分配等内容。 |
| ● |
| 相关链接 |
|
|
|
正题名:一学就会的经济学全图解
索取号:F0/L970
 
预约/预借
| 序号 | 登录号 | 条形码 | 馆藏地/架位号 | 状态 | 备注 |
| 1 | 0828410 | 208284104 | 社科二线422/422社科库 26排1列1层/ [索取号:F0/L970] | 在馆 | |
| 2 | 0828411 | 208284113 | 社科库409/409社科库 61排2列5层/ [索取号:F0/L970] | 在馆 | |
| 3 | 0828412 | 208284122 | 社科库409/409社科库 61排2列3层/ [索取号:F0/L970] | 在馆 |